Countries Closest to Kazakhstan - 30 Second Sprint - Statistics

General Stats
  • This quiz has been taken 74 times
  • The average score is 15 of 20
Answer Stats
km country miles % Correct
0 Russia 0
95%
0 China 0
94%
0 Uzbekistan 0
94%
299 Afghanistan 186
90%
342 Iran 213
89%
0 Kyrgyzstan 0
89%
59 Tajikistan 36
87%
808 India 502
86%
530 Pakistan 329
84%
0 Turkmenistan 0
84%
836 Iraq 520
83%
39 Mongolia 24
79%
533 Armenia 331
78%
227 Azerbaijan 141
76%
428 Georgia 266
76%
666 Turkey 414
73%
476 Ukraine 276
57%
1004 Syria 624
51%
1050 Belarus 652
38%
1251 Moldova 777
19%
No matching quizzes found
Score Distribution
Percent of People with Each Score
Percentile by Number Answered
Your Score History
You have not taken this quiz